| 000 | 00956aam a2200301 a 4500 | ||
|---|---|---|---|
| 700 |
_aРозова, Надежда Иванова _9366022 |
||
| 999 |
_c323122 _d323122 |
||
| 003 | BLK | ||
| 005 | 20250410171758.0 | ||
| 008 | 181012b bu ||||| |||| 00| 0 bu d | ||
| 020 | _a9789547694507 | ||
| 040 | _aBLK | ||
| 041 |
_aBUL _cBUL |
||
| 080 |
_aАнглийска литература _b821.111 _x-31 _z821.111-31 |
||
| 100 |
_aКавана, Стив _eпърви автор _91299 |
||
| 139 |
_aКавана, Стив _bК 12 |
||
| 240 | _aThirteen | ||
| 245 |
_aТринайсет _bРоман |
||
| 260 |
_bОбсидиан _c2018 _aСофия _f Абагар _g2018 |
||
| 300 |
_a424 с. _c21 см |
||
| 380 | _aX | ||
| 500 | _aОриг. загл.: Thirteen / Steve Cavanagh | ||
| 852 | _aЦб 293760 | ||
| 942 |
_cKNG _2udc _n0 _027 |
||
| 944 |
_aED _c2019-02-19 _k30531 _lЦветелина Шанова |
||
| 999 | _d323122 | ||
| 999 | _d323122 | ||
| 999 | _d323122 | ||